000 01777nam a2200253Ia 4500
008 260220t9999||||xx |||||||||||||| ||spa||
020 _a8441320896
040 _aPY-SlUNAC
_bspa
_erda
041 _aspa
082 _a920
_bSte832t
100 _aStephens, Philip
_eAutor
245 0 _aTony Blair :
_bla forja de un líder /
_cpor Philip Stephens [Autor]
264 _a[Lugar de publicación no identificado] :
_bABC,
_c[Fecha de publicación no identificada].
300 _a1 volumen
520 _aEn "Tony Blair: la forja de un líder", Philip Stephens examina la trayectoria política de Tony Blair, desde sus orígenes hasta convertirse en Primer Ministro del Reino Unido. A través de un análisis exhaustivo, el autor explora cómo Blair logró transformar el Partido Laborista, modernizándolo y adaptándolo a las demandas de una sociedad cambiante. La obra destaca la influencia de su carisma y habilidades comunicativas, así como su enfoque pragmático en la política, que le permitió ganar tres elecciones consecutivas. Sin embargo, también se abordan las controversias de su mandato, particularmente en relación con la guerra de Irak, que impactaron su legado y la percepción pública. Stephens ofrece una reflexión crítica sobre los desafíos y dilemas que enfrentó Blair, insertándolo en un contexto más amplio de la política británica y global. A lo largo del libro, se invita al lector a considerar la complejidad del liderazgo y el costo de las decisiones políticas en un mundo interconectado.
653 _aBiografía
653 _aLiderazgo
653 _aPolítica
942 _b2026/02/17
_cBK
999 _c9430
_d9430